| 000 | 00508nam a22001697a 4500 | ||
|---|---|---|---|
| 003 | OSt | ||
| 005 | 20230724162339.0 | ||
| 008 | 230724b |||||||| |||| 00| 0 eng d | ||
| 040 | _cChuka University Library | ||
| 050 |
_aHA 154 _b.B87 1996 |
||
| 100 |
_aThe Republic of Tanzania _910871 |
||
| 245 | _a1994 Indicator monitoring survey(IMS) | ||
| 260 |
_aDar es Salaam _bBureau of Statistics _c1996 |
||
| 300 |
_a49 pages _bIllustrated |
||
| 650 |
_aGovernment statistics--Tanzania _910872 |
||
| 942 |
_2lcc _cBK _n0 |
||
| 999 |
_c14781 _d14781 |
||